Statistiques concernant Equipe de France - Tout les joueurs depuis 2020

Cliquez ici pour prendre le quiz!

Statistiques générales

  • Ce quiz a été pris 268 fois
    (52 depuis la dernière actualisation)
  • Le résultat moyen est 36 sur 59

Statistiques - réponses

SaisonPosteSéléctions (T)Nbr de butsJoueurs% Correct
2008-2022Gardien145 (145)0Hugo Lloris
100%
2014-Attaquant126 (109)44Antoine Griezmann
98%
2017-Attaquant75 (63)46Kylian Mbappé
98%
2011-Attaquant129 (87)56Olivier Giroud
98%
2013-Milieu91 (79)11Paul Pogba
98%
2013-2022Défenseur93 (90)5Raphael Varane
96%
2016-Milieu53 (46)2N'Golo Kanté
91%
2017-Défenseur52 (43)5Benjamin Pavard
89%
2007-2022Attaquant97 (73)37Karim Benzema
89%
2018-Défenseur36 (32)0Lucas Hernandez
87%
2008-2022Gardien35 (33)0Steve Mandanda
87%
2021-Défenseur23 (22)2Théo Hernandez
87%
2018-Gardien5 (4)0Alphonse Areola
84%
2020-Gardien13 (12)0Mike Maignan
84%
2016-Attaquant42 (19)5Ousmane Dembélé
84%
2015-Attaquant55 (27)8Kingsley Coman
80%
2016-Milieu42 (35)4Adrien Rabiot
78%
2021-Milieu29 (23)2Aurélien Tchouaméni
78%
2020-Défenseur17 (16)2Dayot Upamecano
78%
2020-Milieu13 (8)1Eduardo Camavinga
73%
2022-Défenseur13 (11)0Ibrahima Konaté
73%
2022-Attaquant13 (7)2Randal Kolo Muani
73%
2022-Défenseur10 (5)1Jonathan Clauss
69%
2023-Milieu1 (0)0Khephren Thuram
69%
2020-Attaquant16 (3)2Marcus Thuram
69%
2023-Gardien2 (2)0Brice Samba
64%
2021-Défenseur24 (19)0Jules Koundé
64%
2018-Attaquant19 (6)3Wissam Ben Yedder
64%
2021-Milieu7 (3)1Matteo Guendouzi
60%
2018-Défenseur28 (24)0Presnel Kimpembe
60%
2023-Défenseur1 (1)0Wesley Fofana
60%
2022-Milieu15 (4)2Youssouf Fofana
60%
2021-Milieu6 (2)0Jordan Veretout
58%
2023-Milieu1(1)1Warren Zaïre-Emery
58%
2022-Défenseur12 (6)0William Saliba
58%
2018-Défenseur9 (6)0Ferland Mendy
56%
2009-Milieu71 (34)2Moussa Sissoko
56%
2022-Défenseur5 (1)0Axel Disasi
51%
2014-Défenseur46 (30)0Lucas Digne
49%
2017-Milieu20 (8)0Steven Nzonzi
49%
2017-Milieu28 (20)2Corentin Tolisso
47%
2015-Attaquant30 (16)2Anthony Martial
44%
2019-Défenseur15 (13)1Clément Lenglet
44%
2015-Milieu25 (2)2Nabil Fekir
44%
2022-Milieu10 (3)0Christopher Nkunku
42%
2022-Défenseur/Milieu5 (2)0Boubacar Kamara
40%
2021-Attaquant10 (3)0Moussa Diaby
36%
2016-Milieu27 (11)4Thomas Lemar
36%
2022-Défenseur2 (2)0Benoît Badiashile
31%
2023-Défenseur1 (0)0Malo Gusto
31%
2022-Défenseur1 (0)0Adrien Truffert
29%
2023-Défenseur2 (2)0Jean-Clair Todibo
29%
2018-Milieu7 (4)0Tanguy Ndombélé
29%
2020-Milieu1 (1)0Houssem Aouar
24%
2021-Défenseur1 (0)0Nordi Mukiele
24%
2019-Défenseur13 (9)0Léo Dubois
22%
2015-Défenseur11 (6)1Kurt Zouma
20%
2023-Défenseur1 (0)0Castello Lukeba
16%
2020-Défenseur1 (0)0Ruben Aguilar
13%

Distribution des résultats

Percentile par nombre de réponses

% des personnes avec chaque résultat

Votre développement - résultats

Vous n’avez pas pris ce quiz depuis la dernière actualisation